Keeper of the Lost Cities Characters by Picture (Kotlc) - Statistics

General Stats
  • This quiz has been taken 177 times
  • The average score is 11 of 12
Answer Stats
Picture Answer % Correct
Sophie Foster
100%
Fitz Vacker
99%
Keefe Sencen
99%
Biana Vacker
98%
Dex Dizznee
98%
Tam Song
98%
Linh Song
97%
Marella Redek
91%
Wylie Endal
88%
Stina Heks
84%
Maruca Chebota
74%
Jensi Babblos
71%
No matching quizzes found
Score Distribution
Percent of People with Each Score
Percentile by Number Answered
Your Score History
You have not taken this quiz